Normal view
MARC view
- Boyer, Rodney F.
Entry Personal Name
001 - CONTROL NUMBER
- control field: 38945
003 - CONTROL NUMBER IDENTIFIER
- control field: OSt
005 - DATE AND TIME OF LATEST TRANSACTION
- control field: 20151220145501.0
008 - FIXED-LENGTH DATA ELEMENTS
- fixed length control field: 151220|| aca||aabn | a|a d
040 ## - CATALOGING SOURCE
- Original cataloging agency: OSt
100 10 - HEADING--PERSONAL NAME
- Personal name: Boyer, Rodney F.
400 1# - SEE FROM TRACING--PERSONAL NAME
- Personal name: Boyer, Rodney
- Fuller form of name: (Rodney F.)